header

Selected essays (Record no. 230538)

MARC details
000 -LEADER
fixed length control field 01222nam a2200301Ia 4500
100 1# - MAIN ENTRY--AUTHOR NAME
Personal name Butler, Samuel,
245 10 - TITLE STATEMENT
Title Selected essays
260 ## - PUBLICATION, DISTRIBUTION, ETC. (IMPRINT)
Place of publication London :
Name of publisher Electric Book Co.,
Year of publication c2001.
300 ## - PHYSICAL DESCRIPTION
Number of Pages 200 p.
500 ## - GENERAL NOTE
General note "Transcribed by R. N. Robinson from the Traveller's Library Edition, Jonathan Cape, London 1927.
650 #0 - SUBJECT ADDED ENTRY--TOPICAL TERM
Topical Term Essays.
700 1# - ADDED ENTRY--PERSONAL NAME
Personal name Jones, Henry Festing,
856 40 - ELECTRONIC LOCATION AND ACCESS
Uniform Resource Identifier http://site.ebrary.com/lib/rucke/Doc?id=2001720

No items available.

© 2026 Rongo University
Contact us: librarian | system librarian | Rongo university